| 000 | 00483nam a2200157 i 4500 | ||
|---|---|---|---|
| 001 | 88653 | ||
| 003 | ES-MaACL | ||
| 005 | 20230906175911.0 | ||
| 007 | t| | ||
| 008 | 050105s1979 sp ||||1| spa d | ||
| 100 | 1 |
_aLancho Alonso, José Luis. _969905 |
|
| 245 | 1 | 0 |
_aAnatomía humana _b: sentidos y sistema nervioso central / _cJosé Luis Lancho Alonso. |
| 260 |
_aCórdoba : _b[s.n., _c1979] |
||
| 300 |
_a263 p., 5 lám. : _bil. ; _c24 cm. |
||
| 852 |
_aES-MaACL _jA-10542 _bR.99777 |
||
| 999 |
_c88653 _d88653 |
||